| 000 | 00982nam2a22002291 4500 | ||
|---|---|---|---|
| 001 | rc\60515 | ||
| 005 | 20250620193512.0 | ||
| 035 | _a(NLR Aleph) 005388346 | ||
| 090 |
_a7164699 _c7164699 |
||
| 100 | _a20021216d1992 |||y0rusy50 ca | ||
| 101 | 0 | _arus | |
| 102 | _aRU | ||
| 105 | _ay ||||||||| | ||
| 200 | 1 |
_aЖелезный король _aУзница Шато-Гайара _f[Пер. Н. Жарковой] |
|
| 215 | _a446, [2] с. | ||
| 461 | 0 |
_1001rc\60514 _12001#$aМорис Дрюон$e[Романы$eВ 3 т.$eПер. с фр.]$fМорис Дрюон$vТ. 1 _1700#1$aДрюон$bМ.$f1918-2009$gМорис$3RU\NLR\auth\7745460 _97164693 _aДрюон, М. (1918-2009) _cИваново _d1992 _fМорис Дрюон _nТоварищество "Вольн. слово" _o[Романы : В 3 т. : Пер. с фр.] _tМорис Дрюон _vТ. 1 |
|
| 801 | 0 |
_aRU _bNLR _gpsbo |
|
| 801 | 1 |
_aRU _bELAR _2rusmarc |
|
| 852 |
_aNLR _j93-3/584 |
||
| 942 | _cBOOK | ||
| 980 | _aNB | ||